Economic development in Africa : rethinking the role of foreign direct investment (Record no. 40798)

MARC details
000 -LEADER
fixed length control field 00928nam a2200277 a 4500
003 - CONTROL NUMBER IDENTIFIER
control field CBULib
005 - DATE AND TIME OF LATEST TRANSACTION
control field 20231030080423.0
008 - FIXED-LENGTH DATA ELEMENTS--GENERAL INFORMATION
fixed length control field 231011b |||||||| |||| 00| 0 eng d
020 ## - INTERNATIONAL STANDARD BOOK NUMBER
International Standard Book Number 9211126711
040 ## - CATALOGING SOURCE
Language of cataloging English
Transcribing agency CBULib
Modifying agency CBUlib
Description conventions rda
041 ## - LANGUAGE CODE
Language code of text/sound track or separate title eng
050 ## - LIBRARY OF CONGRESS CALL NUMBER
Classification number UNCTAD(02)2005/5
110 ## - MAIN ENTRY--CORPORATE NAME
Corporate name or jurisdiction name as entry element United Nations Conference on Trade and Development (UNCTAD)
245 10 - TITLE STATEMENT
Title Economic development in Africa : rethinking the role of foreign direct investment
Statement of responsibility, etc / by United Nations Conference on Trade and Development (UNCTAD)
260 ## - PUBLICATION, DISTRIBUTION, ETC. (IMPRINT)
Place of publication, distribution, etc New York :
Name of publisher, distributor, etc United Nations,
Date of publication, distribution, etc 2005.
300 ## - PHYSICAL DESCRIPTION
Extent vii, 106 pages : illustrations
336 ## - CONTENT TYPE
Source rdacontent
Content type term Text |
Content type code txt
337 ## - MEDIA TYPE
Source rdamedia
Media type term Unmediated |
Media type code n
338 ## - CARRIER TYPE
Source rdacarrier
Carrier type term Volume
Carrier type code nc
504 ## - BIBLIOGRAPHY, ETC. NOTE
Bibliography, etc includes references
650 ## - SUBJECT ADDED ENTRY--TOPICAL TERM
Topical term or geographic name as entry element TEXTBOOKS
650 #0 - SUBJECT ADDED ENTRY--TOPICAL TERM
Topical term or geographic name as entry element ECONOMICS
650 ## - SUBJECT ADDED ENTRY--TOPICAL TERM
Topical term or geographic name as entry element INVESTMENTS, FOREIGN--AFRICA
710 ## - ADDED ENTRY--CORPORATE NAME
Relator code United Nations
942 ## - ADDED ENTRY ELEMENTS (KOHA)
Koha item type INTERNATIONAL PUBLICATIONS
Source of classification or shelving scheme
Holdings
Withdrawn status Lost status Source of classification or shelving scheme Damaged status Not for loan Collection code Permanent Location Current Location Shelving location Date acquired Source of acquisition Full call number Barcode Date last seen Copy number Price effective from Koha item type
          Special Collections CBU-MAIN LIBRARY, KITWE. CBU-MAIN LIBRARY, KITWE. Special Collections 11/30/2022 DEP-UNCTAD UNCTAD(02)2005/5 52343 11/30/2022 1 11/30/2022 INTERNATIONAL PUBLICATIONS